Statistics for English To French Click

Click here to take the quiz!

General Stats

  • This quiz has been taken 72 times
  • The average score is 14 of 17

Answer Stats

HintAnswer% Correct
paperpapier
100%
cubicalcubique
98%
universityuniversité
98%
calendarcalendrier
95%
secretarysecrétaire
95%
room numbernuméro de chambre
91%
penstylo
91%
pencilcrayon
89%
projectorprojecteur
86%
deskbureau
84%
doorporte
84%
clipboardpresse-papiers
84%
clockhorloge
80%
folderdossier
77%
erasergomme
75%
printerimprimante
68%
binderclasseur
45%

Score Distribution

Percentile by Number Answered

Percent of People with Each Score

Your Score History

You have not taken this quiz